000 00998nam a2200253 a 4500
001 000047119
003 DO-SdBNP
005 20240301141933.0
008 090903s2016 dr r 000 0 spa d
020 _a9789945477238
040 _aDO-SdBNP
_bspa
_cBNPHU
082 4 _a348.044
_bR426p, 2015
_222
110 1 _aRepública Dominicana.
_bSuprema Corte de Justicia
_97906
245 1 0 _aPrincipales sentencias de la Suprema Corte de Justicia :
_baño 2015 /
_cpresentación Mariano Germán Mejía.
260 _aSanto Domingo :
_bSuprema Corte de Justicia,
_c2016.
300 _axxiv, 875 p. ;
_c23 cm.
590 _aInventariado, 2019/VM
610 1 4 _aREPÚBLICA DOMINICANA.
_bSUPREMA CORTE DE JUSTICIA
_97906
650 4 _aJurisprudencia
_xRecopilaciones, repertorios, etc.
_zRepública Dominicana
_919125
650 4 _aSentencias
_zRepública Dominicana
_919124
700 1 _aGermán M., Mariano,
_d1946-
_q(Germán Mejía)
_99311
910 _aValidado. Control de calidad. EMS
942 _2ddc
_cLBS1
999 _c46607
_d46607